000 00475nam a2200181Ia 4500
008 100917s9999 xx 000 0 und d
082 _b60495
100 _aकेणेकर मुक्ता
245 _aछबिना
260 _bसंजय प्रकाशन
_c1977
300 _a222
365 _b15
520 _aकादंबरी
630 _aछबिना
650 _aकादंबरी
730 _aछबिना
942 _cBOOK
999 _c665889
_d665886